道府県別・市区町村人口top5(1920年) - Statistics

General Stats
  • This quiz has been taken 18 times
  • The average score is 150 of 235
Answer Stats
Hint Answer % Correct
- 48,941 青森市
100%
- 32,767 弘前市
100%
- 42,403 盛岡市
100%
- 118,984 仙台市
100%
牡鹿郡 22,067 石巻町
94%
- 36,281 秋田市
94%
- 48,399 山形市
94%
飽海郡 22,174 酒田町
94%
- 35,762 福島市
94%
- 39,363 水戸市
94%
- 63,771 宇都宮市
94%
- 62,325 前橋市
94%
- 36,792 高崎市
94%
- 2,173,201 東京市
94%
- 422,938 横浜市
94%
- 89,879 横須賀市
94%
足柄下郡 23,014 小田原町
94%
- 92,130 新潟市
94%
- 41,627 長岡市
94%
- 61,812 富山市
94%
- 36,648 高岡市
94%
- 129,265 金沢市
94%
- 56,639 福井市
94%
- 56,207 甲府市
94%
- 49,999 松本市
94%
- 37,308 長野市
94%
- 62,713 岐阜市
94%
- 28,334 大垣市
94%
- 74,093 静岡市
94%
- 64,749 浜松市
94%
- 102,580 札幌区
88%
- 144,749 函館区
88%
- 103,113 小樽区
88%
- 61,309 旭川区
88%
三戸郡 18,255 八戸町
88%
西磐井郡 8,750 一関町
88%
- 43,007 米沢市
88%
西田川郡 28,220 鶴岡町
88%
最上郡 16,555 新庄町
88%
- 37,549 若松市
88%
安積郡 26,218 郡山町
88%
石城郡 20,175 平町
88%
足利郡 33,637 足利町
88%
邑楽郡 14,635 館林町
88%
佐波郡 14,295 伊勢崎町
88%
入間郡 24,675 川越町
88%
大里郡 22,282 熊谷町
88%
北足立郡 19,057 大宮町
88%
千葉郡 33,179 千葉町
88%
氷見郡 13,088 氷見町
88%
下新川郡 12,082 魚津町
88%
敦賀郡 20,189 敦賀町
88%
大野郡 16,344 高山町
88%
駿東郡 20,993 沼津町
88%
富士郡 17,713 大宮町
88%
- 429,997 名古屋市
88%
- 65,163 豊橋市
88%
- 38,257 岡崎市
88%
- 47,741 津市
88%
- 35,165 四日市市
88%
桑名郡 18,988 桑名町
88%
- 31,453 大津市
88%
- 591,323 京都市
88%
- 1,252,983 大阪市
88%
- 84,999 堺市
88%
- 608,644 神戸市
88%
- 45,750 姫路市
88%
- 40,301 奈良市
88%
生駒郡 13,133 郡山町
88%
- 83,500 和歌山市
88%
- 29,274 鳥取市
88%
- 37,527 松江市
88%
那賀郡 12,256 浜田町
88%
- 94,585 岡山市
88%
都窪郡 12,864 倉敷町
88%
- 160,510 広島市
88%
- 130,362 呉市
88%
- 29,768 福山市
88%
- 72,300 下関市
88%
- 68,457 徳島市
88%
- 46,550 高松市
88%
- 24,480 丸亀市
88%
- 51,250 松山市
88%
- 30,296 今治市
88%
- 49,329 高知市
88%
- 95,381 福岡市
88%
- 64,317 大牟田市
88%
- 49,336 若松市
88%
- 33,528 佐賀市
88%
- 176,534 長崎市
88%
- 87,022 佐世保市
88%
- 70,388 熊本市
88%
- 43,150 大分市
88%
宮崎郡 21,116 宮崎町
88%
- 103,180 鹿児島市
88%
- 56,082 室蘭区
81%
胆沢郡 9,952 水沢町
81%
新治郡 12,547 土浦町
81%
山田郡 37,674 桐生町
81%
北足立郡 14,351 川口町
81%
射水郡 19,283 新湊町
81%
能美郡 14,784 小松町
81%
大野郡 10,824 大野町
81%
- 26,271 上田市
81%
中島郡 27,263 一宮町
81%
犬上郡 17,668 彦根町
81%
天田郡 18,759 福知山町
81%
- 38,461 尼崎市
81%
西伯郡 22,411 米子町
81%
東伯郡 11,519 倉吉町
81%
- 26,466 尾道市
81%
綾歌郡 16,969 坂出町
81%
- 100,235 八幡市
81%
- 72,111 門司市
81%
八代郡 12,034 八代町
81%
速水郡 28,647 別府町
81%
北諸県郡 25,741 都城町
81%
上閉伊郡 20,663 釜石町
75%
志田郡 10,580 古川町
75%
刈田郡 10,271 白石町
75%
平鹿郡 14,299 横手町
75%
下都賀郡 24,570 栃木町
75%
東葛飾郡 16,677 船橋町
75%
香取郡 15,299 佐原町
75%
- 28,388 高田市
75%
鹿島郡 12,042 七尾町
75%
恵那郡 14,204 中津町
75%
- 39,270 宇治山田市
75%
阿山郡 16,778 上野町
75%
坂田郡 12,481 長浜町
75%
- 33,107 明石市
75%
武庫郡 28,428 西宮町
75%
北葛城郡 11,799 高田町
75%
西牟婁郡 11,230 田辺町
75%
吉敷郡 25,297 山口町
75%
三豊郡 13,856 観音寺町
75%
北宇和郡 21,923 宇和島町
75%
下毛郡 13,602 中津町
75%
猿島郡 14,997 古河町
69%
橘樹郡 21,391 川崎町
69%
南蒲原郡 20,424 三条町
69%
鳳至郡 12,397 輪島町
69%
南条郡 18,068 武生町
69%
諏訪郡 17,058 上諏訪町
69%
紀伊郡 26,879 伏見町
69%
東牟婁郡 23,964 新宮町
69%
苫田郡 17,085 津山町
69%
小田郡 13,405 笠岡町
69%
都濃郡 19,114 徳山町
69%
仲多度郡 15,599 善通寺町
69%
玉名郡 15,121 荒尾町
69%
児玉郡 13,807 本庄町
63%
豊多摩郡 80,799 渋谷町
63%
北蒲原郡 17,813 新発田町
63%
簸川郡 7,288 平田町
63%
簸川郡 7,506 今市町
63%
勝浦郡 13,975 小松島町
63%
葦北郡 20,498 水俣町
63%
- 53,882 那覇区
63%
- 22,838 首里区
63%
上北郡 10,240 野辺地町
56%
上都賀郡 18,097 鹿沼町
56%
遠敷郡 8,082 小浜町
56%
浅口郡 20,916 玉島町
56%
佐波郡 21,325 防府町
56%
高岡郡 8,022 須崎町
56%
天草郡 11,534 牛深町
56%
新治郡 14,502 石岡町
50%
志太郡 18,531 島田町
50%
甲賀郡 7,559 水口町
50%
南海部郡 18,817 臼杵町
50%
西諸県郡 23,217 小林町
50%
宮古郡 21,277 平良村
50%
宮城郡 13,139 塩釜町
44%
八頭郡 6,236 若桜町
44%
高岡郡 8,535 高岡町
44%
北海部郡 11,349 佐賀関町
44%
鹿角郡 14,681 小坂町
38%
東葛飾郡 12,083 野田町
38%
江沼郡 8,632 大聖寺町
38%
有田郡 9,470 湯浅町
38%
山本郡 17,826 能代港町
31%
北豊島郡 51,478 西巣鴨町
31%
諏訪郡 44,278 平野村
31%
加佐郡 19,518 中舞鶴町
31%
吉野郡 13,157 十津川村
31%
有田郡 10,850 箕島町
31%
厚狭郡 38,063 宇部村
31%
板野郡 17,420 撫養町
31%
南秋田郡 15,020 土崎港町
25%
北豊島郡 41,551 日暮里町
25%
南都留郡 8,263 谷村町
25%
滋賀郡 7,562 膳所町
25%
鹿児島郡 25,986 谷山村
25%
大島郡 25,816 名瀬村
25%
上都賀郡 32,804 足尾町
19%
海上郡 16,917 本銚子町
19%
北豊島郡 50,713 南千住町
19%
愛知郡 30,810 愛知町
19%
中頭郡 17,842 具志川村
19%
加佐郡 15,504 新舞鶴町
13%
西成郡 50,080 今宮町
13%
山辺郡 10,302 丹波市町
13%
名東郡 9,949 加茂名町
13%
温泉郡 11,207 三津浜町
13%
国頭郡 22,492 本部村
13%
三戸郡 11,108 湊村
6%
上閉伊郡 9,254 大槌町
6%
多賀郡 25,263 日立村
6%
橘樹郡 21,431 保土ヶ谷町
6%
西成郡 40,904 鷺洲町
6%
石城郡 20,174 内郷村
0%
南都留郡 9,269 瑞穂村
0%
東山梨郡 9,267 七里村
0%
南巨摩郡 8,874 増穂村
0%
吉城郡 10,382 船津町
0%
西成郡 56,110 豊崎町
0%
岩美郡 6,803 宇倍野村
0%
那賀郡 6,141 石見村
0%
安芸郡 13,945 江田島村
0%
三好郡 8,627 山城谷村
0%
越智郡 10,841 宮窪村
0%
幡多郡 8,058 清松村
0%
高岡郡 8,057 梼原村
0%
東松浦郡 23,881 相知村
0%
杵島郡 18,087 北方村
0%
東松浦郡 17,318 北波多村
0%
東松浦郡 14,861 厳木村
0%
南松浦郡 15,079 富江村
0%
西彼杵郡 13,287 松島村
0%
西彼杵郡 12,825 崎戸村
0%
西諸県郡 13,405 飯野村
0%
北諸県郡 11,257 三股村
0%
揖宿郡 27,092 頴娃村
0%
川辺郡 23,577 東南方村
0%
No matching quizzes found
Score Distribution
Percent of People with Each Score
Percentile by Number Answered
Your Score History
You have not taken this quiz